000 00295nam a2200109Ia 4500
008 220623s9999 xx 000 0 und d
020 _a9780737750034
082 _aR 616.898 SCHI
100 _aNO AUTHOR EDITORS ONLY
245 0 _aPERSPECTIVES ON DEASEASES &DISORDERSSCHIZOPHRENIA
942 _cBK
_w561
_xJohn Tresidder
_y561
_zJohn Tresidder
999 _c677966
_d677965